| 000 | 00564nam a2200193 i 4500 | ||
|---|---|---|---|
| 001 | 32703 | ||
| 003 | ES-MaACL | ||
| 005 | 20251110063218.0 | ||
| 007 | t| | ||
| 008 | 030131s1959 sp ||||1| spa d | ||
| 100 | 0 |
_aBerthet, Henri, _cAbate _928449 |
|
| 245 | 1 | 0 |
_aSacerdote, prepara tu relevo... / _cAbate Henri Berthet. |
| 260 |
_aMadrid : _bAtenas, _c[1959] ( _fBenzal) |
||
| 300 |
_a193 p. ; _c20 cm. |
||
| 490 | 1 | _aColección ascesio | |
| 830 | 0 |
_aColección ascesio _9229428 |
|
| 852 |
_aES-MaACL _jC-16289 _bR.44005 |
||
| 999 |
_c32703 _d32703 |
||